Osamelý havran

Bibliographic Details
Main Author: Ťažký, Ladislav, 1924-2011 (Author)
Format: Article
Language:Slovak
PhysicalDescription:Obr. 2.
Subjects:

MARC

LEADER 00000nab a2200000 a 4500
001 vtls000438264
003 SK-MaSNL
005 20260302233840.0
008 120926c1991 xo 0 slo
015 |a SNBRB19rr/mm-uuuuu 
035 |a CL0438392 
040 |a SNKBUCL  |b slo  |c SNKBUCL  |e AACR2 
041 0 |a slo 
044 |a xo  |c SK 
080 |a 885.4-3  |2 1981 
100 1 |a Ťažký, Ladislav,  |d 1924-2011  |4 aut  |9 237806 
245 1 0 |a Osamelý havran  |c Ladislav Ťažký 
300 |b Obr. 2. 
655 7 |a slovenské poviedky  |2 snkbucl  |9 70226 
655 7 |a psychologické poviedky  |2 snkbucl  |9 87834 
773 0 |t Slovenské národné noviny  |g Roč. 2, č. 39 (1991) 
850 |a Slovenská národná knižnica v Martine  |a MTA001 
852 |a SNK  |b KIS3GCP 
958 |a LX 
999 |c 1548088  |d 1550018